BUBT Library Online Catalog

The Code of Civil Procedure Government of The Peoples Republics of Bangladesh Ministry of Law & Justice : (Record no. 1956)

000 -LEADER
fixed length control field 00579nam a2200181Ia 4500
003 - CONTROL NUMBER IDENTIFIER
control field BUBTL
008 - FIXED-LENGTH DATA ELEMENTS--GENERAL INFORMATION
fixed length control field 151213s9999 xx 000 0 und d
082 ## - DEWEY DECIMAL CLASSIFICATION NUMBER
Classification number 347.05/ 2003
245 ## - TITLE STATEMENT
Title The Code of Civil Procedure Government of The Peoples Republics of Bangladesh Ministry of Law & Justice :
Remainder of title The Code of Civil Procedure - 1908 Ministry of Law
250 ## - EDITION STATEMENT
Edition statement 1st edn.
260 ## - PUBLICATION, DISTRIBUTION, ETC. (IMPRINT)
Place of publication, distribution, etc. Dhaka
Name of publisher, distributor, etc. Government Press
Date of publication, distribution, etc. c2003
300 ## - PHYSICAL DESCRIPTION
Extent 406p. :
Other physical details 24 cm.
650 ## - SUBJECT ADDED ENTRY--TOPICAL TERM
Topical term or geographic name as entry element Law
650 ## - SUBJECT ADDED ENTRY--TOPICAL TERM
Topical term or geographic name as entry element
856 ## - ELECTRONIC LOCATION AND ACCESS
Password 0
Logon 0
Link text Download
942 ## - ADDED ENTRY ELEMENTS (KOHA)
Source of classification or shelving scheme
Koha item type Books
Holdings
Withdrawn status Lost status Source of classification or shelving scheme Damaged status Not for loan Collection code Permanent location Current location Shelving location Date acquired Source of acquisition Inventory number Total Checkouts Full call number Barcode Date last seen Copy number Price effective from Koha item type
        Not For Loan Non-fiction Bangladesh University of Business and Technology Library Bangladesh University of Business and Technology Library Law Stacks 04/05/2006 Purchase 2745   347.05/ 2003 BUBTL-20032745 03/27/2023 C-1 03/27/2023 Books
          Non-fiction Bangladesh University of Business and Technology Library Bangladesh University of Business and Technology Library Law Stacks 04/05/2006 Purchase 2746   347.05/ 2003 BUBTL-20032746 03/27/2023 C-2 03/27/2023 Books
          Non-fiction Bangladesh University of Business and Technology Library Bangladesh University of Business and Technology Library Law Stacks 04/05/2006 Purchase 2747   347.05/ 2003 BUBTL-20032747 03/27/2023 C-3 03/27/2023 Books
        Not For Loan Non-fiction Bangladesh University of Business and Technology Library Bangladesh University of Business and Technology Library Law Stacks 03/30/2005 Purchase 2008   347.05/ 2003 BUBTL-20032008 05/10/2024 C-4 05/10/2024 Books

More Information About Library

Library Hours

  • Open: 9.00 am. to 9.00 pm.
  • Only Sunday: 9.00 am. to 6.00 pm.
  • Closed: Holiday

Contact to the University

Bangladesh University of Business and Technology Library

  • Mirpurl-2, 1216.
  • Phone:
  • Fax:
  • E-Mail: admin.library@bubt.edu.bd

Contact to the Library

Contact Person:

Md. Abdul Hakim Shah
Joint Librarian
PABX No:  113
Cell No: 01816332931
E-mail: official: admin.library@bubt.edu.bd
Personal: hakim.shah@bubt.edu.bd


BUBT Library

Copyright © 2021